|
|
|
|
| LEADER |
00000cam a2200000 7i4500 |
| 001 |
0000001055 |
| 002 |
000001168 |
| 005 |
20000330.0 |
| 020 |
|
|
|a 0861635361
|
| 090 |
0 |
0 |
|a JF
|b BLY
|
| 100 |
1 |
|
|a Blyton, Enid
|
| 245 |
1 |
0 |
|a Fun for the secret seven
|c Enid Blyton ; illustrated by Dorothy Hamilton
|
| 260 |
|
|
|a London :
|b Award Publications ,
|c 1991
|
| 300 |
|
|
|a 128p. :
|b ill. ;
|c 19cm.
|
| 650 |
0 |
0 |
|a Adventure stories
|
| 700 |
1 |
|
|a Hamilton, Dorothy ,
|e illustrated
|
| 999 |
|
|
|a 031293
|b BUKU
|c PINJAMAN
|e PERPUSTAKAAN KOMUNITI PETALING JAYA
|
| 999 |
|
|
|a 031294
|b BUKU
|c PINJAMAN
|e PERPUSTAKAAN KOMUNITI PETALING JAYA
|